LDR 00484nam#a2200169#i#450# 001 EN\\book\5051 005 20260426100039.7 100 ## _a20260415d2026####ek#y0engy0150####ca 101 0# _aRUS 102 ## _aRU 200 1# _aRendering of Journalistic Writings _eTextbook 210 1# _aMoscow _cMGIMO University Publishing House _d2026 215 ## _a77 с. 608 ## _aTextbook _2local 675 ## _aАнглийский язык. 811.111 _zRUS 700 #1 _aBankov _gAndrey Sergeevich 856 4# _adom.mgimo.ru _u